[Event "Nordic-ch U20"]
[Site "Fredericia"]
[Date "2020.02.16"]
[Round "6"]
[White "Heimisson, Hilmir Freyr"]
[Black "Kristensen, Bjarke Hautop"]
[Result "1-0"]
[WhiteElo "2250"]
[BlackElo "2227"]
[PlyCount "97"]
[EventDate "2020.02.14"]
[EventType "swiss"]
[EventRounds "6"]
[EventCountry "DEN"]
[SourceTitle "EXT 2021"]
[Source "ChessBase"]
[SourceDate "2020.10.23"]
[SourceVersion "1"]
[SourceVersionDate "2020.10.23"]
[SourceQuality "1"]

1. d4 Nf6 2. Nf3 g6 3. Bg5 Bg7 4. e3 0-0 5. Be2 d6 6. Nbd2 Nbd7 7. 0-0 e5 8. dxe5 dxe5 9. c3 Qe7 10. e4 Nc5 11. Bh4 Rd8 12. Qc2 Bg4 13. Nc4 Bxf3 14. Bxf3 c6 15. b4 Nd3 16. Rad1 Nf4 17. Rxd8+ Rxd8 18. Rd1 Rxd1+ 19. Qxd1 h6 20. Bxf6 Bxf6 21. Qd6 Kg7 22. Qxe7 Bxe7 23. Na5 c5 24. b5 a6 25. a4 axb5 26. axb5 b6 27. Nc4 Bd8 28. Nxe5 Bc7 29. Nc4 Kf6 30. g3 Ne6 31. Kf1 Ng5 32. Bg2 Ke7 33. Ke2 f6 34. Ne3 Bd8 35. Nd5+ Kd6 36. Ke3 Ne6 37. Bf1 g5 38. Kf3 f5 39. h3 Ke5 40. exf5 Kxd5 41. fxe6 Kxe6 42. c4 h5 43. Ke4 h4 44. Be2 hxg3 45. fxg3 Kf6 46. Kd5 Bc7 47. Kc6 Bd8 48. Kd7 Be7 49. Kc7 1-0

[Event "Nordic-ch U20"]
[Site "Fredericia"]
[Date "2020.02.15"]
[Round "5"]
[White "Kristensen, Bjarke Hautop"]
[Black "Crevatin, Leo"]
[Result "1-0"]
[WhiteElo "2227"]
[BlackElo "2219"]
[PlyCount "47"]
[EventDate "2020.02.14"]
[EventType "swiss"]
[EventRounds "6"]
[EventCountry "DEN"]
[SourceTitle "EXT 2021"]
[Source "ChessBase"]
[SourceDate "2020.10.23"]
[SourceVersion "1"]
[SourceVersionDate "2020.10.23"]
[SourceQuality "1"]

1. c4 e6 2. g3 d5 3. Bg2 dxc4 4. Nf3 a6 5. a4 Nc6 6. 0-0 e5 7. Na3 Be6 8. Qc2 Bxa3 9. bxa3 f6 10. Bb2 Nge7 11. Rfe1 0-0 12. d3 cxd3 13. exd3 Bd5 14. Rad1 Qe8 15. d4 Qh5 16. dxe5 fxe5 17. Nxe5 Bxg2 18. Kxg2 Nxe5 19. Rxe5 Qf3+ 20. Kg1 Nc6 21. Rg5 Rf7 22. Rd3 Qe4 23. Rd8+ Rxd8 24. Qxe4 1-0

[Event "Uppsala Young Champions"]
[Site "Uppsala"]
[Date "2019.10.29"]
[Round "7"]
[White "Apol, Luitjen Akselsson"]
[Black "Kristensen, Bjarke Hautop"]
[Result "1/2-1/2"]
[WhiteElo "2129"]
[BlackElo "2223"]
[PlyCount "98"]
[EventDate "2019.10.25"]
[EventType "swiss"]
[EventRounds "9"]
[EventCountry "SWE"]
[SourceTitle "CBM 192 Extra"]
[Source "Chessbase"]
[SourceDate "2019.11.06"]
[SourceVersion "1"]
[SourceVersionDate "2019.11.06"]
[SourceQuality "1"]

1. e4 c5 2. Nf3 e6 3. d4 cxd4 4. Nxd4 Nc6 5. Nc3 Qc7 6. Be3 a6 7. Bd3 Nf6 8. 0-0 Ne5 9. h3 Bc5 10. Kh1 b5 11. f4 Nxd3 12. cxd3 d6 13. Rc1 Qa7 14. Nce2 Bb7 15. b4 Bb6 16. a4 e5 17. fxe5 dxe5 18. Nf5 Bxe3 19. Rc7 0-0 20. Nxe3 Qxe3 21. Rxb7 Rad8 22. Qe1 Rxd3 23. Nc1 Qxe1 24. Rxe1 Rd4 25. axb5 Rxb4 26. bxa6 Rxb7 27. axb7 Rb8 28. Nd3 Rxb7 29. Nxe5 Re7 30. Nc6 Rxe4 31. Rxe4 Nxe4 32. Kg1 g6 33. Kf1 f5 34. Nd4 Kf7 35. Ke2 Kf6 36. Ke3 Ng5 37. Nc6 Ne6 38. h4 h6 39. Kf3 g5 40. hxg5+ hxg5 41. Nb4 Ke5 42. Nc6+ Kd6 43. Nb4 Kc5 44. Nd3+ Kd4 45. Nf2 Kc4 46. g4 Nd4+ 47. Ke3 f4+ 48. Ke4 f3 49. Ke3 Kd5 1/2-1/2

[Event "DEN-ch cand"]
[Site "Svendborg"]
[Date "2019.04.21"]
[Round "6"]
[White "Kristensen, Bjarke Hautop"]
[Black "Lilja, Richard"]
[Result "1/2-1/2"]
[WhiteElo "2211"]
[BlackElo "2065"]
[PlyCount "30"]
[EventDate "2019.04.16"]
[EventType "swiss"]
[EventRounds "7"]
[EventCountry "DEN"]
[SourceTitle "EXT 2020"]
[Source "ChessBase"]
[SourceDate "2019.10.17"]
[SourceVersion "1"]
[SourceVersionDate "2019.10.17"]
[SourceQuality "1"]

1. d4 Nf6 2. c4 g6 3. Nc3 Bg7 4. e4 d6 5. Nf3 0-0 6. Be2 e5 7. 0-0 Nc6 8. d5 Ne7 9. b4 Nh5 10. Re1 f5 11. exf5 gxf5 12. Rb1 Ng6 13. Bg5 Bf6 14. Bh6 Bg7 15. Bg5 Bf6 1/2-1/2

[Event "DEN-ch cand"]
[Site "Svendborg"]
[Date "2019.04.19"]
[Round "4"]
[White "Kristensen, Bjarke Hautop"]
[Black "Thorsbro, Peter"]
[Result "1-0"]
[WhiteElo "2211"]
[BlackElo "2116"]
[PlyCount "45"]
[EventDate "2019.04.16"]
[EventType "swiss"]
[EventRounds "7"]
[EventCountry "DEN"]
[SourceTitle "EXT 2020"]
[Source "ChessBase"]
[SourceDate "2019.10.17"]
[SourceVersion "1"]
[SourceVersionDate "2019.10.17"]
[SourceQuality "1"]

1. Nf3 f5 2. d3 Nf6 3. e4 fxe4 4. dxe4 Nxe4 5. Bd3 Nf6 6. Ng5 g6 7. h4 c6 8. h5 Qa5+ 9. Nc3 gxh5 10. Rxh5 d6 11. Bg6+ Kd7 12. Rh4 Rg8 13. Nxh7 Nxh7 14. Bxh7 Rxg2 15. Kf1 Rg7 16. Qf3 Ke8 17. Bh6 Rxh7 18. Qxf8+ Kd7 19. Bg5 Qxg5 20. Rxh7 b6 21. f4 Ba6+ 22. Kf2 Qc5+ 23. Kf3 1-0

[Event "DEN-ch cand"]
[Site "Svendborg"]
[Date "2019.04.18"]
[Round "3"]
[White "Pedersen, Steffen"]
[Black "Kristensen, Bjarke Hautop"]
[Result "1-0"]
[WhiteElo "2322"]
[BlackElo "2211"]
[PlyCount "47"]
[EventDate "2019.04.16"]
[EventType "swiss"]
[EventRounds "7"]
[EventCountry "DEN"]
[SourceTitle "EXT 2020"]
[Source "ChessBase"]
[SourceDate "2019.10.17"]
[SourceVersion "1"]
[SourceVersionDate "2019.10.17"]
[SourceQuality "1"]

1. d4 Nf6 2. Nf3 g6 3. c4 Bg7 4. Nc3 d5 5. cxd5 Nxd5 6. Na4 Nb6 7. e4 Bg4 8. Be3 Bxf3 9. gxf3 Nxa4 10. Qxa4+ Nd7 11. Rd1 0-0 12. Qb3 Nb6 13. h4 Qd6 14. h5 e5 15. d5 Nd7 16. Be2 f5 17. hxg6 hxg6 18. Rc1 Rfc8 19. Qxb7 Rab8 20. Qc6 fxe4 21. fxe4 Qb4+ 22. Kf1 Qxe4 23. Qe6+ Kf8 24. Rh3 1-0

[Event "Nordic-ch U20"]
[Site "Borgarnes"]
[Date "2019.02.17"]
[Round "5"]
[White "Nazarova, Anastasia"]
[Black "Kristensen, Bjarke Hautop"]
[Result "0-1"]
[WhiteElo "2176"]
[BlackElo "2212"]
[PlyCount "78"]
[EventDate "2019.02.14"]
[EventType "swiss"]
[EventRounds "6"]
[EventCountry "ISL"]
[SourceTitle "CBM 189 Extra"]
[Source "ChessBase"]
[SourceDate "2019.06.03"]
[SourceVersion "1"]
[SourceVersionDate "2019.06.03"]
[SourceQuality "1"]

1. e4 c5 2. Nf3 d6 3. d4 cxd4 4. Nxd4 Nf6 5. Nc3 a6 6. Be3 Ng4 7. Bc1 Nf6 8. f3 e5 9. Nb3 Be6 10. Be3 h5 11. Qd2 Nbd7 12. 0-0-0 Rc8 13. Kb1 Be7 14. h3 b5 15. Bd3 Nb6 16. Qf2 Nfd7 17. f4 Rxc3 18. bxc3 Na4 19. Qd2 Qc7 20. Ka1 Nxc3 21. Rdf1 f6 22. g4 a5 23. g5 b4 24. fxe5 dxe5 25. gxf6 gxf6 26. Rfg1 Qc6 27. Qc1 a4 28. Nd4 exd4 29. Bxd4 Bf7 30. Bxc3 bxc3 31. Rg7 Qe6 32. Rxf7 Kxf7 33. Rg1 Ne5 34. Be2 Qb6 35. Rf1 a3 36. Rf5 Rg8 37. Bxh5+ Ke6 38. Bg4 Rxg4 39. hxg4 Nc4 0-1

[Event "Esbjerg Autumn 1st"]
[Site "Esbjerg"]
[Date "2018.10.18"]
[Round "7"]
[White "Ahlander, Bjorn"]
[Black "Kristensen, Bjarke Hautop"]
[Result "1-0"]
[WhiteElo "2433"]
[BlackElo "2207"]
[PlyCount "65"]
[EventDate "2018.10.15"]
[EventType "tourn"]
[EventRounds "9"]
[EventCountry "DEN"]
[EventCategory "4"]
[SourceTitle "CBM 186 Extra"]
[Source "ChessBase"]
[SourceDate "2018.08.24"]
[SourceVersion "1"]
[SourceVersionDate "2018.08.24"]
[SourceQuality "1"]

1. d4 Nf6 2. Nf3 g6 3. e3 Bg7 4. Be2 0-0 5. 0-0 d6 6. c4 Nbd7 7. Nc3 e5 8. b4 a5 9. b5 Re8 10. Ba3 exd4 11. Nxd4 Nc5 12. Qc2 Nfe4 13. Nxe4 Nxe4 14. Rad1 Qe7 15. Bf3 Nc5 16. Rfe1 Bxd4 17. Rxd4 Bf5 18. Qd1 Rad8 19. Bb2 Be4 20. Rxe4 Nxe4 21. Qd4 Qe5 22. Qxe5 dxe5 23. Bxe4 Rd2 24. Bc3 Rxa2 25. g4 Re7 26. Bxb7 Rc2 27. Bxa5 Rxc4 28. e4 Kg7 29. Bd5 Rc2 30. Re3 f5 31. Bb4 Re8 32. Bc6 Rd8 33. Bc3 1-0

[Event "EU-chT U18"]
[Site "Bad Blankenburg"]
[Date "2018.07.18"]
[Round "7.3"]
[White "Kristensen, Bjarke Hautop"]
[Black "Parkhov, Yair"]
[Result "1/2-1/2"]
[WhiteElo "2222"]
[BlackElo "2364"]
[PlyCount "70"]
[EventDate "2018.07.12"]
[EventType "team-swiss"]
[EventRounds "7"]
[EventCountry "GER"]
[SourceTitle "EXT 2019"]
[Source "ChessBase"]
[SourceDate "2018.10.10"]
[SourceVersion "1"]
[SourceVersionDate "2018.10.10"]
[SourceQuality "1"]
[WhiteTeam "Denmark U18"]
[BlackTeam "Israel U18"]
[WhiteTeamCountry "DEN"]
[BlackTeamCountry "ISR"]

1. d4 Nf6 2. c4 e6 3. Nc3 d5 4. cxd5 Nxd5 5. e4 Nxc3 6. bxc3 c5 7. Nf3 cxd4 8. cxd4 Bb4+ 9. Bd2 Bxd2+ 10. Qxd2 0-0 11. Bc4 Nd7 12. 0-0 b6 13. e5 Bb7 14. Qe3 Rc8 15. Bd3 h6 16. Nd2 Qh4 17. f4 Rfd8 18. Nc4 Qg4 19. Rf2 Nf8 20. Nd6 Rxd6 21. exd6 Rd8 22. h3 Qh5 23. Be4 Bxe4 24. Qxe4 Rxd6 25. Qe5 Qxe5 26. dxe5 Rd5 27. Rc1 Nd7 28. Rc8+ Kh7 29. Rd8 Nf6 30. Rxd5 Nxd5 31. g4 a5 32. Kg2 b5 33. a3 Ne3+ 34. Kf3 Nc4 35. Ra2 g5 1/2-1/2

[Event "EU-chT U18"]
[Site "Bad Blankenburg"]
[Date "2018.07.17"]
[Round "6.3"]
[White "Kristensen, Bjarke Hautop"]
[Black "Sahidi, Samir"]
[Result "0-1"]
[WhiteElo "2222"]
[BlackElo "2300"]
[PlyCount "36"]
[EventDate "2018.07.12"]
[EventType "team-swiss"]
[EventRounds "7"]
[EventCountry "GER"]
[SourceTitle "EXT 2019"]
[Source "ChessBase"]
[SourceDate "2018.10.10"]
[SourceVersion "1"]
[SourceVersionDate "2018.10.10"]
[SourceQuality "1"]
[WhiteTeam "Denmark U18"]
[BlackTeam "Slovakia U18"]
[WhiteTeamCountry "DEN"]
[BlackTeamCountry "SVK"]

1. Nf3 d5 2. e3 Nf6 3. c4 e6 4. b3 Be7 5. Bb2 0-0 6. Nc3 b6 7. g3 Bb7 8. Bg2 dxc4 9. bxc4 c5 10. 0-0 Nc6 11. Qe2 Qd7 12. Ne1 Rad8 13. d3 e5 14. f4 exf4 15. gxf4 Rfe8 16. Rd1 Bf8 17. Ne4 Nxe4 18. Bxe4 Rxe4 0-1

[Event "EU-chT U18"]
[Site "Bad Blankenburg"]
[Date "2018.07.16"]
[Round "5.3"]
[White "Pajeken, Jakob Leon"]
[Black "Kristensen, Bjarke Hautop"]
[Result "1/2-1/2"]
[WhiteElo "2273"]
[BlackElo "2222"]
[PlyCount "98"]
[EventDate "2018.07.12"]
[EventType "team-swiss"]
[EventRounds "7"]
[EventCountry "GER"]
[SourceTitle "EXT 2019"]
[Source "ChessBase"]
[SourceDate "2018.10.10"]
[SourceVersion "1"]
[SourceVersionDate "2018.10.10"]
[SourceQuality "1"]
[WhiteTeam "Germany U18 III"]
[BlackTeam "Denmark U18"]
[WhiteTeamCountry "GER"]
[BlackTeamCountry "DEN"]

1. e4 d5 2. exd5 Qxd5 3. Nc3 Qd6 4. d4 Nf6 5. Nf3 c6 6. Ne5 Nbd7 7. Nc4 Qc7 8. Qf3 Nb6 9. Bf4 Qd7 10. 0-0-0 Nbd5 11. Nxd5 Qxd5 12. Re1 Qxf3 13. gxf3 Be6 14. Na5 0-0-0 15. Rxe6 fxe6 16. Bh3 Rxd4 17. Bxe6+ Nd7 18. Be5 Rd6 19. Bxd6 exd6 20. Nxb7 Kxb7 21. Bxd7 Be7 22. Rg1 Bf6 23. f4 Kc7 24. Bf5 Rd8 25. Bd3 g6 26. Rg4 Bd4 27. f5 Bxf2 28. fxg6 hxg6 29. Rxg6 Be3+ 30. Kd1 Bd4 31. b3 Rh8 32. Rg4 Be5 33. Ra4 Kb6 34. Rb4+ Kc5 35. Rc4+ Kb6 36. h4 Bg3 37. Rb4+ Kc5 38. Ra4 Kb6 39. Rb4+ Kc5 40. Rb7 a5 41. Ra7 Kb4 42. a3+ Kxa3 43. Rxa5+ Kb4 44. Ra4+ Kc3 45. Rc4+ Kb2 46. Rxc6 Rxh4 47. Ke2 Be5 48. Ke3 Bd4+ 49. Kf3 Bc5 1/2-1/2

[Event "EU-chT U18"]
[Site "Bad Blankenburg"]
[Date "2018.07.12"]
[Round "1.3"]
[White "Kristensen, Bjarke Hautop"]
[Black "Bohus, Adam"]
[Result "0-1"]
[WhiteElo "2222"]
[BlackElo "2231"]
[PlyCount "46"]
[EventDate "2018.07.12"]
[EventType "team-swiss"]
[EventRounds "7"]
[EventCountry "GER"]
[SourceTitle "EXT 2019"]
[Source "ChessBase"]
[SourceDate "2018.10.10"]
[SourceVersion "1"]
[SourceVersionDate "2018.10.10"]
[SourceQuality "1"]
[WhiteTeam "Denmark U18"]
[BlackTeam "Hungary U18"]
[WhiteTeamCountry "DEN"]
[BlackTeamCountry "HUN"]

1. Nf3 d5 2. e3 Nf6 3. c4 e6 4. b3 Nbd7 5. Bb2 Bd6 6. Nc3 0-0 7. d4 c6 8. Be2 Re8 9. Qc2 dxc4 10. bxc4 e5 11. Rd1 e4 12. Nd2 Qe7 13. g4 h6 14. h3 Nf8 15. Bf1 Ng6 16. Bg2 Nh4 17. Bxe4 Nxe4 18. Qxe4 Qf8 19. Qd3 f5 20. gxf5 Ng2+ 21. Kf1 Nxe3+ 22. Kg1 Bxf5 23. Nde4 Nxd1 0-1

[Event "Kolding-ch DanPumps Master 2"]
[Site "Kolding"]
[Date "2018.04.??"]
[Round "4"]
[White "Jacobsen, Mikkel Manosri"]
[Black "Kristensen, Bjarke Hautop"]
[Result "1-0"]
[WhiteElo "2172"]
[BlackElo "2232"]
[PlyCount "59"]
[EventDate "2018.04.13"]
[EventType "tourn"]
[EventRounds "5"]
[EventCountry "DEN"]
[SourceTitle "EXT 2023"]
[Source "ChessBase"]
[SourceDate "2022.10.05"]
[SourceVersion "1"]
[SourceVersionDate "2022.10.05"]
[SourceQuality "1"]

1. d4 g6 2. c4 Nf6 3. Nc3 d5 4. cxd5 Nxd5 5. e4 Nxc3 6. bxc3 Bg7 7. Qa4+ Bd7 8. Qa3 0-0 9. Nf3 Bg4 10. Be2 Nd7 11. 0-0 b6 12. Rd1 c5 13. h3 Bxf3 14. Bxf3 Qc7 15. e5 Rac8 16. Bg5 f6 17. Bh4 fxe5 18. Bg4 exd4 19. cxd4 Bxd4 20. Rxd4 cxd4 21. Be6+ Rf7 22. Bxf7+ Kxf7 23. Qxe7+ Kg8 24. Qe6+ Kh8 25. Rd1 Qc6 26. Qe7 Qd5 27. Bf6+ Nxf6 28. Qxf6+ Kg8 29. Rxd4 Qc6 30. Rd8+ 1-0

[Event "Nordic-ch U20"]
[Site "Heinola"]
[Date "2018.02.10"]
[Round "3"]
[White "Kristensen, Bjarke Hautop"]
[Black "Le Besq, Alexander"]
[Result "1-0"]
[WhiteElo "2179"]
[BlackElo "2125"]
[PlyCount "88"]
[EventDate "2018.02.09"]
[EventType "swiss"]
[EventRounds "6"]
[EventCountry "FIN"]
[SourceTitle "EXT 2019"]
[Source "ChessBase"]
[SourceDate "2018.10.10"]
[SourceVersion "1"]
[SourceVersionDate "2018.10.10"]
[SourceQuality "1"]

1. c4 e5 2. g3 Nc6 3. Nc3 f5 4. Nf3 Nf6 5. d4 e4 6. Nh4 d6 7. f3 exf3 8. exf3 Bd7 9. Be2 Be7 10. 0-0 0-0 11. Be3 Qe8 12. Ng2 Nd8 13. Qd2 c6 14. d5 c5 15. a3 Nf7 16. b4 b6 17. h3 Nh5 18. Kh2 g5 19. Rae1 Bf6 20. f4 g4 21. hxg4 fxg4 22. bxc5 bxc5 23. Bd3 Qd8 24. Ne4 Rb8 25. Rb1 Qe7 26. Qc2 Nh6 27. Nxf6+ Nxf6 28. Bd2 Qf7 29. Nh4 Nh5 30. Rxb8 Rxb8 31. f5 Qf6 32. Bc3 Qg5 33. f6 Qe3 34. Bxh7+ Kf8 35. Be1 Be8 36. Bf2 Qg5 37. Qc3 Qxf6 38. Bxc5 Qxf1 39. Bxd6+ Kf7 40. Bxb8 Qf2+ 41. Ng2 Bd7 42. Qe3 Qf6 43. Be5 Qb6 44. c5 Qb3 1-0

[Event "Nordic-ch U20"]
[Site "Heinola"]
[Date "2018.02.09"]
[Round "2"]
[White "Haug, Johannes"]
[Black "Kristensen, Bjarke Hautop"]
[Result "1-0"]
[WhiteElo "2355"]
[BlackElo "2179"]
[PlyCount "115"]
[EventDate "2018.02.09"]
[EventType "swiss"]
[EventRounds "6"]
[EventCountry "FIN"]
[SourceTitle "EXT 2019"]
[Source "ChessBase"]
[SourceDate "2018.10.10"]
[SourceVersion "1"]
[SourceVersionDate "2018.10.10"]
[SourceQuality "1"]

1. d4 Nf6 2. c4 c5 3. d5 b5 4. cxb5 a6 5. bxa6 g6 6. Nc3 Bg7 7. Nf3 0-0 8. a7 Rxa7 9. e4 d6 10. Be2 Ba6 11. 0-0 Qb6 12. a4 Nbd7 13. Re1 Rb8 14. Nb5 Raa8 15. Qc2 Ne8 16. Bg5 Ndf6 17. Nd2 Qb7 18. Nb3 Bxb5 19. axb5 Nc7 20. Na5 Qa7 21. Ra3 Nxb5 22. Bxb5 Rxb5 23. Nc6 Qb7 24. Nxe7+ Kf8 25. Rxa8+ Qxa8 26. Nc6 Qa2 27. Bc1 Nd7 28. Qe2 Rb7 29. Bf4 Ne5 30. Bxe5 Bxe5 31. Nxe5 dxe5 32. Qe3 Rxb2 33. Qxc5+ Kg8 34. h3 Rc2 35. Qe3 Rd2 36. Qf3 Kg7 37. Rd1 Qc2 38. Rxd2 Qxd2 39. g4 f6 40. Kg2 Qc2 41. Qe3 Qd1 42. Qa7+ Kh6 43. Qf7 Qd3 44. Qf8+ Kg5 45. h4+ Kxg4 46. Qxf6 h6 47. Qxg6+ Kxh4 48. Qg3+ Qxg3+ 49. fxg3+ Kg5 50. g4 Kg6 51. Kh3 Kg5 52. Kg3 Kf6 53. Kh4 Kg6 54. d6 Kf6 55. Kh5 Ke6 56. Kxh6 Kxd6 57. g5 Ke7 58. Kh7 1-0

[Event "Horsens Lang Weekend"]
[Site "Horsens"]
[Date "2017.07.15"]
[Round "6"]
[White "Kristensen, Bjarke Hautop"]
[Black "Andersen, Rune"]
[Result "1-0"]
[WhiteElo "2061"]
[BlackElo "2152"]
[PlyCount "73"]
[EventDate "2017.07.13"]
[EventType "swiss"]
[EventRounds "7"]
[EventCountry "DEN"]
[SourceTitle "EXT 2018"]
[Source "ChessBase"]
[SourceDate "2017.10.13"]
[SourceVersion "1"]
[SourceVersionDate "2017.10.13"]
[SourceQuality "1"]

1. d4 d5 2. c4 c6 3. Nf3 Nf6 4. Nc3 e6 5. Bg5 h6 6. Bh4 g5 7. Bg3 dxc4 8. e4 b5 9. e5 Nd5 10. Be2 Nxc3 11. bxc3 Bb7 12. Rb1 Qc7 13. Nd2 Nd7 14. h4 g4 15. Bxg4 0-0-0 16. Bf3 a6 17. 0-0 Nb6 18. Qc2 Be7 19. a4 Nd5 20. Rfc1 Rd7 21. Bh5 Bf8 22. Ne4 Qd8 23. Qe2 Ba3 24. Rc2 Kb8 25. Qf3 Rf8 26. Bg4 Ka7 27. Ra2 b4 28. Qe2 c5 29. Qxc4 Nb6 30. Qe2 Bxe4 31. Qxe4 Nxa4 32. Qc6 Nxc3 33. Rxa3 bxa3 34. Qxc5+ Ka8 35. Qxc3 Qe7 36. Qc6+ Ka7 37. Qb6+ 1-0

[Event "Horsens Lang Weekend"]
[Site "Horsens"]
[Date "2017.07.14"]
[Round "4"]
[White "Matthiesen, Martin"]
[Black "Kristensen, Bjarke Hautop"]
[Result "1-0"]
[WhiteElo "2344"]
[BlackElo "2061"]
[PlyCount "37"]
[EventDate "2017.07.13"]
[EventType "swiss"]
[EventRounds "7"]
[EventCountry "DEN"]
[SourceTitle "EXT 2018"]
[Source "ChessBase"]
[SourceDate "2017.10.13"]
[SourceVersion "1"]
[SourceVersionDate "2017.10.13"]
[SourceQuality "1"]

1. d4 Nf6 2. Nf3 g6 3. g3 Bg7 4. Bg2 0-0 5. 0-0 d6 6. c4 Nbd7 7. Nc3 e5 8. h3 c6 9. e4 Re8 10. Be3 exd4 11. Nxd4 Nc5 12. Qc2 a5 13. Rad1 Qe7 14. Rfe1 Be6 15. b3 Rad8 16. Qd2 Bc8 17. Bg5 Qc7 18. Ndb5 cxb5 19. Bxf6 1-0

[Event "Varde Weekend Mester"]
[Site "Varde"]
[Date "2017.05.06"]
[Round "2"]
[White "Kristensen, Bjarke Hautop"]
[Black "Bonnelykke, Ole"]
[Result "1/2-1/2"]
[WhiteElo "2079"]
[BlackElo "2015"]
[PlyCount "34"]
[EventDate "2017.05.05"]
[EventType "tourn"]
[EventRounds "5"]
[EventCountry "DEN"]
[SourceTitle "EXT 2023"]
[Source "ChessBase"]
[SourceDate "2022.10.05"]
[SourceVersion "1"]
[SourceVersionDate "2022.10.05"]
[SourceQuality "1"]

1. c4 e5 2. g3 Nc6 3. Nc3 g6 4. e4 Bg7 5. Bg2 d6 6. Nge2 Be6 7. d3 Qd7 8. 0-0 Bh3 9. f4 Nge7 10. Bxh3 Qxh3 11. Nd5 Nxd5 12. cxd5 Nd4 13. Nxd4 exd4 14. f5 Be5 15. Qf3 0-0-0 16. Qg2 Qxg2+ 17. Kxg2 f6 1/2-1/2

[Event "Wch U16"]
[Site "Khanty-Mansiysk"]
[Date "2016.09.26"]
[Round "5"]
[White "Shkurkin, Andrey"]
[Black "Kristensen, Bjarke Hautop"]
[Result "1/2-1/2"]
[WhiteElo "2190"]
[BlackElo "2039"]
[PlyCount "45"]
[EventDate "2016.09.22"]
[EventType "swiss"]
[EventRounds "11"]
[EventCountry "RUS"]
[SourceTitle "EXT 2017"]
[Source "ChessBase"]
[SourceDate "2016.10.25"]
[SourceVersion "1"]
[SourceVersionDate "2016.10.25"]
[SourceQuality "1"]

1. e4 g6 2. d4 Bg7 3. c4 d6 4. Nc3 Nf6 5. f4 0-0 6. Nf3 c5 7. d5 e6 8. Be2 exd5 9. cxd5 Re8 10. e5 dxe5 11. fxe5 Ng4 12. e6 fxe6 13. Bg5 Qb6 14. Qd2 exd5 15. 0-0 d4 16. Bc4+ Be6 17. Nd5 Bxd5 18. Bxd5+ Kh8 19. Qf4 Ne3 20. Ne5 Nxd5 21. Nf7+ Kg8 22. Nh6+ Kh8 23. Nf7+ 1/2-1/2